عصری ہندوستانی کہانیاں (Record no. 172496)

MARC details
000 -LEADER
fixed length control field 00478nam a22001817a 4500
005 - DATE AND TIME OF LATEST TRANSACTION
control field 20200206120641.0
010 ## - LCCN (DPL NO)
LC control number A-556109
020 ## - INTERNATIONAL STANDARD BOOK NUMBER
International Standard Book Number 8172013264
Terms of availability 100.00
035 ## - SYSTEM CONTROL NUMBER
System control number A-556109
037 ## - SOURCE OF ACQUISITION
Source of stock number/acquisition BPPD/Pub.
082 ## - DEWEY DECIMAL CLASSIFICATION NUMBER
Classification number ک
245 ## - TITLE STATEMENT
Title عصری ہندوستانی کہانیاں
246 ## - VARYING FORM OF TITLE
Title proper/short title Asri Hindustani Kahaniyan (vol.III)
260 ## - PUBLICATION, DISTRIBUTION, ETC. (IMPRINT)
Place of publication, distribution, etc New Delhi
Name of publisher, distributor, etc Sahitya Akademi
Date of publication, distribution, etc 1992 ء
270 ## - ADDRESS
Address -
City -
Postal code -
300 ## - PHYSICAL DESCRIPTION
Extent 260p.
Dimensions 20cm(Hb)
942 ## - ADDED ENTRY ELEMENTS (KOHA)
Source of classification or shelving scheme Dewey Decimal Classification
Item type Urdu Bks
Classification part ک
Call number suffix ع ص ر
Holdings
Withdrawn status Lost status Not for loan Collection code Home library Current library Date acquired Source of acquisition Cost, normal purchase price Full call number Barcode Copy number Cost, replacement price Koha item type
      Non-fiction Central Library Central Library 06/02/2020 BPPD/Ven. 100.00 ک ع ص ر A-556109 1 100.00 Urdu Bks

© Delhi Public Library
Hit Counter
free hit counter